000 nam a22 7a 4500
999 _c153912
_d153910
005 20200128105956.0
008 200128b xxu||||| |||| 00| 0 eng d
020 _a9788491480938
050 0 4 _aKJM2467.M56
_bK65 2017
100 1 _a Kolev, Angel Hristov
245 _aMinorías y pluralismo cultural en Bulgaria /
_cAngel Hristov Kolev,
250 _a1a ed.
260 _aMadrid ;
_bDykinson,
_c2017
300 _a420 p. ;
_c24 cm.
650 _aMinorías
_xEstatus legal, leyes, etc.
_zBulgaria.
650 _aMinorías
_xPolítica gubernamental
_zBulgaria.
650 _aPluralismo cultural
_zBulgaria.
942 _2lcc
_cLIB